2226-中津川市(岐阜県)の駅 - Statistics

General Stats
  • This quiz has been taken 4 times
  • The average score is 4 of 6
Answer Stats
Answer % Correct
中津川
100%
落合川
75%
美乃坂本
75%
坂下
50%
飯沼
25%
阿木
25%
No matching quizzes found
Score Distribution
Percent of People with Each Score
Percentile by Number Answered
Your Score History
You have not taken this quiz